| 000 | 00460nam a22001817a 4500 | ||
|---|---|---|---|
| 003 | MPLRDC | ||
| 005 | 20220104143936.0 | ||
| 008 | 210129b ||||| |||| 00| 0 eng d | ||
| 082 | _a889 HGCS v.10 c.3 | ||
| 100 | _aSTEPHEN KING | ||
| 245 |
_a燃烧的凝视 _c茅及铨译 |
||
| 250 | _a初版 | ||
| 260 |
_a _b皇冠 _c1980 |
||
| 300 | _b平 | ||
| 490 | _a当代名著精选. 10 | ||
| 650 | _a西洋小说之中文翻译 | ||
| 942 |
_cBK _o889 HGCS v.10 c.3 |
||
| 999 |
_c44861 _d44851 |
||